Mística y psicoanálisis. El lugar del otro en los místicos de occidente.

Gespeichert in:
Bibliographische Detailangaben
1. Verfasser: Domínguez Morano, Carlos (autor)
Format: Unbekannt
Veröffentlicht: Madrid, España: Trotta, 2020.
Schriftenreihe:Colección Estructuras y Procesos. Religión.
Schlagworte:
Tags: Tag hinzufügen
Keine Tags, Fügen Sie den ersten Tag hinzu!

MARC

LEADER 00000 a2200000 4500
003 CL-VaPUC
005 20221026103756.0
008 221017t2020 ||||| |||| 00| 0 eng d
999 |c 436423  |d 436421 
020 |a 978-84-9879-827-2 
040 |c Pontificia Universidad Católica de Valparaíso 
082 |2 22  |a 248.22 DOM 2020  
100 |a Domínguez Morano, Carlos  |9 321283  |e autor 
245 |a Mística y psicoanálisis.  |b El lugar del otro en los místicos de occidente. 
260 |a Madrid, España:  |b Trotta,  |c 2020. 
300 |a 437 páginas. 
490 |a Colección Estructuras y Procesos. Religión. 
583 |k GC  |c 20221017 
650 0 |9 265505  |a Misticismo  |x Aspectos psicológicos   |x Psicoanálisis  
650 0 |9 877784  |a Experiencia mística   |x Filosofía y teoría  
942 |2 ddc  |c BK 
952 |0 0  |1 0  |2 ddc  |4 0  |6 248_220000000000000_DOM_2020  |7 0  |8 A  |9 587243  |a BIBTEO  |b BIBTEO  |c GEN  |d 2022-10-13  |e 3  |g 31113.00  |i 5655177  |o 248.22 DOM 2020  |p 5655177  |r 2025-01-17  |t 1  |v 31113.00  |w 2022-10-13  |y BK  |k ICR